| 000 | 00960nam a22003137a 4500 | ||
|---|---|---|---|
| 003 | CHAP | ||
| 005 | 20220329134025.0 | ||
| 008 | 971013s1974 r 00010 d | ||
| 010 | _a14274 | ||
| 011 | _a15246 | ||
| 035 | _a19321 | ||
| 040 | _cCHAP | ||
| 082 |
_a370 _bC3 |
||
| 100 | 0 | 0 |
_aCastrejón Diez, Jaime. _920295 |
| 245 |
_aEducación permanente _b: principios y experiencias |
||
| 260 |
_aMéxico : _bFondo de Cultura Económica, _c1974 |
||
| 300 | _a126 p. | ||
| 490 |
_aArchivos del Fondo _v; 21 |
||
| 590 |
_aBATCH-UPD _b10 _c20130110 _lUCH01 _h1802 |
||
| 590 |
_aBATCH-UPD _b10 _c20130410 _lUCH01 _h1137 |
||
| 590 |
_aBATCH-UPD _b10 _c20130914 _lUCH01 _h1235 |
||
| 590 |
_aCONVERSION _b10 _c20130109 _lUCH01 _h1309 |
||
| 650 | 1 | 4 |
_aEducación. _935409 |
| 700 | 0 |
_aAngeles Gutierrez, Ofelia. _95770 |
|
| 830 | 0 |
_aArchivos del Fondo _v; 21 _96811 |
|
| 901 | _aBK | ||
| 942 | _cLIBRO | ||
| 949 |
_a370 C3 _bBC _cLIBRO _d33724000376547 _eLIBRO _i19321 _mD _si |
||
| 999 |
_c14274 _d14274 |
||